Quizzes
Events
Quiz Creation
Community
Videos
Private Events
Remove Ads
Sign In
Join for FREE
Feedback
Dark Mode
Quiz Categories
Sports
Geography
Music
Movies
Television
Just For Fun
Miscellaneous
History
Literature
Language
Science
Gaming
Entertainment
Religion
Holiday
For Kids
Quiz Lab
Recent
Popular Today
Quiz Kudos Today
Editor Picks
Curator Picks
Quizzes by...
Day
Popularity
Type
Ratings
Length
Year
Community
Subscriptions
Recent Discussions
Orange Saloon
Badges
Playlists
Quests
Create
Leaderboards
Showdown
Live 5
Trivia Bingo
Activity
Puzzle Library
Sporcle Events
Private Events
Virtual Trivia
Globe League
Become a Host
Pub Owners
SporcleCon
Opinionation
Our Games
Videos
Blog
Mobile Apps
Partnerships
Remove Ads and Go Orange
Feedback
Movies
Disney
Marvel Cinematic Universe
Movie Resume
Movie Titles
Oscar
Actor
Actress
Director
Pixar
Role
Movie Quotes
Movie Characters
Box Office
Nominee
Best Picture
Star Wars
James Bond
Horror Movies
Movies
Disney
Marvel Cinematic Universe
Movie Resume
Movie Titles
Oscar
Actor
Actress
Director
Pixar
Role
Movie Quotes
Movie Characters
Box Office
Nominee
Best Picture
Star Wars
James Bond
Horror Movies
Random Quiz
Search Sporcle
×
Quiz Lab
Quiz Lab
Movies
Superhero
Type in answers that appear in a list
Type in answers that appear in a list
Classic
Best Score? Go Orange.
Superhero Movies Stats
Can you name the Superhero Movies?
By
anchorman34
10m
37 Questions
808 Plays
808 Plays
808 Plays
Comments
Comments
Give Quiz Kudos
Give Quiz Kudos
-
- Ratings
hide this ad
Replay
Link that replays current quiz
Next Quiz
Link to next quiz in quiz playlist
You Got
0%
They Got
Avg Score
66%
Avg Friend Score
Upgrade to see
Score Distribution
Jump to the score distribution portion of the page
Score
0/37
Timer
10:00
0
Plays Today
Year
Movie
% Correct
1989
Batman
96.7%
1978
Superman
95%
2002
Spider-Man
89.5%
1980
Superman 2
87.5%
1983
Superman 3
86.4%
2004
Spider-Man 2
86%
2008
Iron Man
85.8%
1997
Batman and Robin
84.2%
2008
The Dark Knight
84.2%
1992
Batman Returns
83.9%
2007
Spider-Man 3
83.7%
2000
X-Men
83.4%
1987
Superman IV: The Quest for Peace
81.8%
2003
X2:X-Men United
80.8%
1995
Batman Forever
79.5%
2005
Batman Begins
79.2%
2003
Hulk
79.1%
2006
X-Men: The Last Stand
78.6%
2005
Fantastic Four
71.4%
Year
Movie
% Correct
2008
The Incredible Hulk
70.9%
2006
Superman Returns
68.9%
2003
Daredevil
67.2%
2007
Fantastic Four: Rise of the Silver Surfer
65.5%
2009
X-Men Origins: Wolverine
58.4%
1998
Blade
55%
2005
Elektra
52.5%
2002
Blade II
51.9%
2004
Blade: Trinity
50.2%
2004
The Punisher
48.3%
2009
Watchmen
43.7%
2007
Ghost Rider
43.1%
2004
Catwoman
34.8%
2004
Hellboy
30.3%
2008
Punisher: War Zone
28.5%
2008
Hellboy II: The Golden Army
28%
1997
Spawn
26.7%
2008
Hancock
25.7%
Quiz Playlist
Details
Report
Send in Message
Add To Playlist
Classic:
Type in answers that appear in a list
Last Updated: Feb 16, 2017
Quiz Scoreboard
CHALLENGE
Sign Up to Join the Scoreboard
Show All
Scores
Hide
Comments
May contain spoilers
Recently Published
9x9 Crossword: Cartoon Network
by jackfrog10
Miscellaneous
3m
College Basketball Coaching Resumes
by pancakes188
Sports
9m
Billboard Blitz: Fleetwood Mac
by CooCooCachoo
Music
15s
More to Explore
Quiz From the Vault
Featured Blog Post
Where Did the Easter Bunny Come From?
hide this ad
You Might Also Like...
Tags
Superhero Quiz
Today's Top Quizzes in Movies
Browse Movies
hide this ad
Today's Top Quizzes in Superhero
Browse Superhero
Top Contributed Quizzes in Movies
1
Pick 5 Posters: Directed by Spielberg
2
7-to-1: Pixar Characters
3
Pick 5 Posters: Lowest-Rated Spielberg
4
Sorting Actors
5
Sorting Actresses
6
Pick 5 Posters: Directed by Scorsese
7
Hidden Star Wars Character II
8
Pick 5 Posters: Star & Director
9
Hidden Star Wars Character III
10
12 Movies about Fictional 1960s Events
Explore More
Trending Topics
Marvel
Anime
Harry Potter
Disney
Kpop
NBA
Crossword
NFL
The Office
Song
Pokémon
WWE
Soccer
Country
Puzzle
hide this ad
More By:
anchorman34
Quiz
Plays
Rating
Category
Featured
Created
Dark Knight Characters
1,853
3.33
Movies
Dec 17, 2009
Marvel Mutants
941
1.86
Entertainment
Nov 5, 2009
Tommy Lee Jones movies
881
3.29
Movies
Oct 9, 2009
Superhero Movies
808
3.86
Movies
Jan 4, 2010
Movie Quotes VI
611
2.17
Movies
Nov 23, 2009
Go to Creator's Profile
Score Distribution
Quiz Creator Spotlight
anchorman34
Follow
Send a Message
Quizzes Created
-
Created Quiz Play Count
-
More By This Creator
Popular Quizzes Today
1
Find the US States - No Outlines Minefield
2
Find the Countries of Europe - No Outlines Minefield
3
The Countries of the World
4
Find the US States
5
Risky Map Clicking: Biggest States A-Z
6
US States
7
Popular People in 1961
8
Movies - When Are They Set?
More Movies Quizzes
Spielberg's Best Director Nominations in Order
Curator's Pick
Trending Quizzes
Risky Map Clicking: Least Populous States A-Z
1-10 Letter G Words
1-10 Letter F Words
Risky Map Clicking: Next State Alphabetically
Adjectives in 80s TV Shows
Recently Updated
Leaping Animals
pecheneg
Reality TV Shows (A-Z)
bhenderson79
Rickey Henderson's Hall of Fame Teammates
pecheneg
Champions League XIs: Arsenal
pecheneg
Quick Pick: Celebrities in WWE's Hall of Fame
aduchscher
A-Z Keypad Blitz II
pecheneg
Multiple Oscar Actors
pecheneg
Mystery Phrase Blitz: Oscar 'Best Actors'
pecheneg
F. Scott Fitzgerald Novels
LTH
Pick 3 Villains
ddd62291
Trending Topics
NBA
Anime
Harry Potter
Disney
Crossword
Marvel
Kpop
WWE
The Office
Puzzle
Pokémon
NFL
Country
Soccer
Song
Your Account Isn't Verified!
In order to create a playlist on Sporcle, you need to verify the email address you used during registration. Go to your
Sporcle Settings
to finish the process.
Report this User
Report this user for behavior that violates our
Community Guidelines
.
Details:
Send Report
Go to the Sporcle.com Mobile Site →
Comments